Logo BPK

Bibliografia Prac Pracowników

Politechniki Koszalińskiej

Transmisja międzypokoleniowa wartości wychowawczych w rodzinie / (Rekord nr 9257)

Szczegóły MARC
000 -ETYKIETA REKORDU
podpole kontrolne o stałej długości 00667naa a22001697i 4500
001 - NUMER KONTROLNY REKORDU
podpole kontrolne 9257
003 - IDENTYFIKATOR NUMERU KONTROLNEGO REKORDU
podpole kontrolne KOSZ 005
005 - DATA OSTATNIEJ MODYFIKACJI REKORDU
podpole kontrolne 20180321141438.0
008 - POLE O STAŁEJ DŁUGOŚCI - DANE KONTROLNE
podpole kontrolne o stałej długości 160308s2001 ||||| ||||0|| 0 pol
040 ## - ŹRÓDŁO KATALOGOWANIA
Instytucja, która utworzyła rekord KOSZ 005/EG
Instytucja, która sporządziła opis KOSZ 005
041 0# - KOD JĘZYKA
Kod języka tekstu pol
100 1# - NAZWA OSOBOWA
Nazwa osobowa SKRZYPNIAK, Ryszard.
Lata pracy 1996 - .
Instytucja Politechnika Koszalińska - Wydział Mechaniczny,
Wydział Katedra Nauk Pedagogicznych
245 10 - TYTUŁ/ODPOWIEDZIALNOŚĆ
Tytuł Transmisja międzypokoleniowa wartości wychowawczych w rodzinie /
Pozostałe elementy strefy tytułu i oznaczenia odpowiedzialności Ryszard Skrzypniak.
650 #0 - HASŁO PRZEDMIOTOWE W FORMIE NAZWY OGÓLNEJ LUB JEDNOSTKOWEJ
Nazwa ogólna lub geograficzna Wychowanie w rodzinie.
773 0# - TYTUŁ DOKUMENTU MACIERZYSTEGO
Wyrażenie wprowadzające W:
Tytuł Roczniki Socjologii Rodziny : studia socjologiczne oraz interdyscyplinarne. -
Informacje dotyczące relacji 2002, T. 13(2001), s. 149-160
942 ## - HASŁO DODATKOWE - ELEMENTY(KOHA)
Typ dokumentu Artykuł
Schemat klasyfikacji Uniwersalna klasyfikacja dziesiętna

Brak dostępnych egzemplarzy.

© 2014 Biblioteka Politechniki Koszalińskiej :: BIBLIOGRAFIA PRAC PRACOWNIKÓW